Technický průvodce pro inženýry a stavitele. Sešit třetí, Nauka o pružnosti a pevnosti /

Uložené v:
Podrobná bibliografia
Hlavní autori: Červený, František, 1858-1919 (Author), Řehořovský, Václav Karel, 1849-1911 (Author)
Médium: Kniha
Jazyk:Czech
Vydané: V Praze : Nákladem České matice technické, 1930
Vydanie:2. opravené a doplněné vydání
Edícia:Česká Matice Technická Ročník XXXV, Spisů čís. 151
Témy:
ISBN: (brož.)
Fyzický popis: xiii, 386 s. : 335 obr.
Tagy: Pridať tag
Žiadne tagy, Buďte prvý kto otaguje tento záznam!

MARC

LEADER 00000nam a2200000 4500
001 000463515
005 20150410222251.0
008 140920s1930 xr cze d
020 |a (brož.)  |c Kčs 24,00 
040 |a SVKKK  |b slo  |c SVKKK  |e AACR2 
041 0 |a cze 
044 |a xr  |c CZ 
100 1 |a Červený, František,  |d 1858-1919  |4 aut 
245 1 0 |a Technický průvodce pro inženýry a stavitele.  |n Sešit třetí,  |p Nauka o pružnosti a pevnosti /  |c Červený, Řehořovský. 
246 3 0 |a Nauka o pružnosti a pevnosti 
250 |a 2. opravené a doplněné vydání 
260 |a V Praze :  |b Nákladem České matice technické,  |c 1930  |f ("Politika") 
300 |a xiii, 386 s. :  |b 335 obr. 
490 1 |a Česká Matice Technická  |v Ročník XXXV, Spisů čís. 151 
650 0 7 |a pružnosť  |2 SVKKKPH 
650 0 7 |a pevnosť  |2 SVKKKPH 
655 7 |a príručky  |2 SVKKKPH 
700 1 |a Řehořovský, Václav Karel,  |d 1849-1911  |4 aut 
830 0 |a Česká Matice Technická  |v Ročník XXXV, Spisů čís. 151 
910 |a svkkk 
998 |a BK 
090 |g SCKHL  |k Sklad Pribinova prízemie  |a I.6259  |j 102984  |i 2720334587  |s Prezenčne 
090 |g SCKHL  |k Sklad Pribinova prízemie  |a I0.1223  |j 015504  |i 2720422886  |s Prezenčne